| 000 | 00583 a2200169 4500 | ||
|---|---|---|---|
| 999 |
_c1013 _d1013 |
||
| 020 | _a9780750643924 | ||
| 050 | _aG155. SWA 2001 | ||
| 100 |
_aSwarbrooke, John _eauthor |
||
| 245 |
_aBusiness travel and tourism / _bJohn Swarbrooke and Susan Horner |
||
| 264 |
_aOxford ; Boston : _b Butterworth-Heinemann, _c 2001 |
||
| 300 | _a online resource (xv, 352 pages) : illustrations, 1 map | ||
| 500 | _alncludes index | ||
| 650 | _aTourism. | ||
| 650 | _aBUSINESS & ECONOMICS -- Industries -- Hospitality, Travel & Tourism. | ||
| 700 | _a Susan Horner | ||
| 942 |
_2lcc _cBK _h155 _iSWA _kG |
||